Two Towers Quiz - Statistics

General Stats
  • This quiz has been taken 9 times
  • The average score is 10 of 12
Answer Stats
Hint Answer % Correct
Release year 2002
100%
Brother of Boromir Faramir
100%
Wizard who is resurrected Gandalf
100%
Member of the fellowship whose head would've been cut off if it "stood but a little higher from the ground" Gimli
100%
Guides Frodo and Sam to Mordor Gollum
100%
Henchman and spy who corrupts Rohan Grima Wormtongue
86%
King of Rohan King Theoden
86%
Name for the Riders of Rohan Rohirrim
86%
Ent who befriends two Hobbits Treebeard
86%
The major battle of the film takes place here Helm's Deep
71%
Tower that gets ambushed by Ents Orthanc
57%
Giant tusked elephants Oliphaunts
29%
No matching quizzes found
Score Distribution
Percent of People with Each Score
Percentile by Number Answered
Your Score History
You have not taken this quiz